Letras de guerra. Escrituras de mujeres desde la frontera mapuche (1818-1853).
সংরক্ষণ করুন:
| প্রধান লেখক: | |
|---|---|
| বিন্যাস: | গ্রন্থ |
| প্রকাশিত: |
Rosario, Argentina:
Prohistoria Ediciones,
2021.
|
| সংস্করন: | 1a ed. |
| মালা: | De buena fuente
|
| বিষয়গুলি: | |
| ট্যাগগুলো: |
ট্যাগ যুক্ত করুন
কোনো ট্যাগ নেই, প্রথমজন হিসাবে ট্যাগ করুন!
|
MARC
| LEADER | 00000nam a22000007a 4500 | ||
|---|---|---|---|
| 003 | CL-VaPUC | ||
| 005 | 20220909115659.0 | ||
| 008 | 220818t2021 ||||| |||| 00| 0 eng d | ||
| 999 | |c 438365 |d 438363 | ||
| 020 | |a 978-987-4963-78-9 | ||
| 040 | |c Pontificia Universidad Católica de Valparaíso | ||
| 082 | |a 983.05 CAT 2021 | ||
| 100 | 1 | |a Catepillán Tessi, Tomás Ezequiel |e edición, notas e introducción |9 875642 | |
| 245 | |a Letras de guerra. |b Escrituras de mujeres desde la frontera mapuche (1818-1853). | ||
| 250 | |a 1a ed. | ||
| 260 | |a Rosario, Argentina: |b Prohistoria Ediciones, |c 2021. | ||
| 300 | |a 113 páginas. | ||
| 490 | |a De buena fuente |n 7. | ||
| 500 | |a c.1 Donación Autor. Memo HIS/002. 28/03/2022 | ||
| 500 | |a Sor Juana de San José, Viaje de las monjas trinitarias a la Tierra de los indios (c.1853) Epistolario de las monjas trinitarias y otras cartas de mujeres (1820) | ||
| 583 | |c 20220818 |k Catalogador Asistente | ||
| 600 | 0 | |9 875833 |a Juana de San José, Sor |x Epistolario |z S.XIX | |
| 650 | 0 | |9 257649 |a Mujeres |x Epistolario |y S. XIX |z Frontera mapuche, Concepción (Chile) | |
| 650 | 0 | |9 432906 |a Monjas trinitarias |x Cartas |y S. XIX |z Concepción (Chile) | |
| 650 | 0 | |9 440305 |a Independencia de Chile |x Correspondencias |y S. XVIII-XIX | |
| 942 | |2 ddc |c BK | ||
| 952 | |0 0 |1 0 |2 ddc |4 0 |6 305_409800000000000_CAT_2021 |7 0 |8 A |9 586278 |a BIBHIS |b BIBHIS |c GEN |d 2022-08-18 |e Donación |i 5654222 |l 3 |o 305.4098 CAT 2021 |p 5654222 |r 2025-03-25 |s 2025-03-18 |t 1 |w 2022-08-18 |y BK |k HIS | ||